01538nam a22002177a 45000010005000000030006000050050017000110080041000280200018000690400029000870500019001160820012001351000027001472450045001742500035002192600038002543000025002924900041003175200913003586500049012719645FISKH20260127143546.0260127b cb ||||| |||| 00| 0 eng d a9780241573631 aFISKHbengcFISKHdFISKH aPZ7 .B26225 .F a 813.6  aBarnes, Jennifer Lynn  aThe final gambit /cJennifer Lynn Barnes aThis edition published in 2023 aLondon : bPenguin Books, c2022  a373 pages : c20 cm  aThe Inheritance Games : vBook five  aTo inherit billions, all Avery Kylie Grambs has to do is survive a few more weeks living in Hawthorne House. The paparazzi are dogging her every step. Financial pressures are building. Danger is a fact of life. And the only thing getting Avery through it all is the Hawthorne brothers. Her life is intertwined with theirs. She knows their secrets, and they know her. But as the clock ticks down to the moment when Avery will become the richest teenager on the planet, trouble arrives in the form of a visitor who needs her help and whose presence in Hawthorne House could change everything. It soon becomes clear that there is one last puzzle to solve, and Avery and the Hawthorne brothers are drawn into a dangerous game against an unknown and powerful player. Secrets upon secrets. Riddles upon riddles. In this game, there are hearts and lives at stakeĀ—and there is nothing more Hawthorne than winning. aContemporaryvFiction xFamily yYoung Adult